000 00831pam a2200277 a 4500
001 1914996
003 PILC
005 20150515150935.0
008 850801s1986 caua 001 0 eng
010 _a 85019019
020 _a0534056288
040 _aDLC
_cDLC
_dDLC
050 0 0 _aQA 154.2
_b.G87 1986
082 0 0 _a512.9
100 1 _aGustafson, R. David
_q(Roy David),
_d1936-
245 1 0 _aCollege algebra /
_cR. David Gustafson, Peter D. Frisk.
250 _a3rd ed.
260 _aMonterey, Ca. :
_bBrooks/Cole Pub. Co.,
_c1986.
300 _ax, 469 pages :
_billustrations ;
_c25 cm.
500 _aIncludes appendix and index.
521 _aGeneral Education
650 0 _aAlgebra
_vTextbooks.
700 1 _aFrisk, Peter D.,
_d1942-
906 _a7
_bcbc
_corignew
_d1
_eocip
_f19
_gy-gencatlg
942 _2lcc
_cBK
_kFOR
999 _c283996
_d283996